000
00334nam a22001457a 4500
003
OSt
005
20160727222355.0
008
160622b xxu||||| |||| 00| 0 eng d
040
_c
Test
100
_9
495
_a
Conger, L
245
_a
Three Giant Stories
260
_a
N.V Scholastic
_c
1968
300
_a
Three Giant Stories
942
_2
ddc
_c
BK
999
_c
412
_d
412